Welcome to CU Library Online Public Access Catalogue (OPAC)

Human resources management: (Record no. 8683)

MARC details
000 -LEADER
fixed length control field 00326nam a2200145 4500
005 - DATE AND TIME OF LATEST TRANSACTION
control field 20260212160121.0
008 - FIXED-LENGTH DATA ELEMENTS--GENERAL INFORMATION
fixed length control field cuc123
020 ## - INTERNATIONAL STANDARD BOOK NUMBER
International Standard Book Number 1861523459
050 ## - LIBRARY OF CONGRESS CALL NUMBER
Classification number HF 5549.HUM
Item number 1
100 ## - MAIN ENTRY--PERSONAL NAME
Personal name STORY, JOHN ed
245 ## - TITLE STATEMENT
Title Human resources management:
Remainder of title A critical text
300 ## - PHYSICAL DESCRIPTION
Extent xii, 399p
500 ## - GENERAL NOTE
General note index
942 ## - ADDED ENTRY ELEMENTS (KOHA)
Source of classification or shelving scheme Library of Congress Classification
Koha item type Books
Suppress in OPAC No
999 ## -
-- 8683
-- 8683
Holdings
Withdrawn status Lost status Source of classification or shelving scheme Damaged status Not for loan Collection Home library Current library Shelving location Date acquired Total checkouts Full call number Barcode Date last seen Copy number Price effective from Koha item type Public note
    Library of Congress Classification     Non-fiction Graduate Library (Christ Temple) Graduate Library (Christ Temple) General stacks 02/12/2026   HF5549 HUM GSCT00002356 02/12/2026 1 02/12/2026 Books EAQ
    Library of Congress Classification     Non-fiction Graduate Library (Christ Temple) Graduate Library (Christ Temple) General stacks 02/12/2026   HF5549 HUM GSCT00002357 02/12/2026 2 02/12/2026 Books EAQ
    Library of Congress Classification     Non-fiction Graduate Library (Christ Temple) Graduate Library (Christ Temple) General stacks 02/12/2026   HF5549 HUM GSCT00002358 02/12/2026 3 02/12/2026 Books EAQ
    Library of Congress Classification     Non-fiction Graduate Library (Christ Temple) Graduate Library (Christ Temple) General stacks 02/12/2026   HF5549 HUM GSCT00002359 02/12/2026 4 02/12/2026 Books EAQ
    Library of Congress Classification     Non-fiction Graduate Library (Christ Temple) Graduate Library (Christ Temple) General stacks 02/12/2026   HF5549 HUM GSCT00002360 02/12/2026 5 02/12/2026 Books EAQ
    Library of Congress Classification     Non-fiction Graduate Library (Christ Temple) Graduate Library (Christ Temple) General stacks 02/12/2026   HF 5549.HUM GSCT00002361 02/12/2026 6 02/12/2026 Books EAQ
© 2023-2024 Copyright: Central University Libraries. All Rights Reserved | Created by: Mahone Tech Office